Statistics for They Shoot Pictures, Don't They? - films 921 to 940

Click here to take the quiz!

General Stats

  • This quiz has been taken 9 times
  • The average score is 9 of 20

Answer Stats

Answer% Correct
Dirty Harry
100%
Airplane!
86%
The Bridges of Madison County
86%
The Last Emperor
86%
Let the Right One In
71%
Gun Crazy
43%
Meek's Cutoff
43%
Mon oncle d'Amérique
43%
Seven Beauties
43%
The Fountainhead
43%
Doomed Love
29%
Duel in the Sun
29%
Khrustalyov, my Car!
29%
La Chienne
29%
Mother India
29%
Perfumed Nightmare
29%
Port of Shadows
29%
Sawdust and Tinsel
29%
The Long Farewell
29%
True Heart Susie
29%

Score Distribution

Percentile by Number Answered

Percent of People with Each Score

Your Score History

You have not taken this quiz